000 00807nam a2200253Ia 4500
003 OSt
005 20220923211336.0
006 a|||||r|||| 00| 0
007 ta
008 Pun
020 _a9788182992894 (hbk)
_c275
024 _a280,610
037 _b809, 09/03/2014, H.K. Prakashan
_cTextual
040 _aARTS
_cARTS
_bPun
041 _2Pun
_aPun
082 _aO153,1N291x, Q3
100 _aਪ੍ਰਭਜੋਤ ਕੌਰ
245 0 _aਰੋਗ਼ ਗੀਤ ਮੈ੍ਵ ਗਾਵਾਂ
260 _aਦਿੱਲੀ
_b ਆਰਸੀ ਪਬਲਿFਰਗ਼
_c2013
300 _a166ਪੰ
_ccm.
650 _aਪੰਜਾਬੀ ਸਾਹਿਤ
942 _hO153,1N291x, Q3
_cTEXL
_2CC
999 _c298625
_d298625